000 00291nam a2200145Ia 4500
100 _aKysin/Naumov
650 _aGeneral
942 _cBK
654 _aPractice
245 _aAssembly Practice
260 _bMir Publishers
_c2001
082 _a670.4
300 _a372
546 _aENGLISH
999 _c21096
_d21096